000 005370000a22002290004500
650 _aEnglish language
650 _aStudy and teaching
650 _aEnglish linguistics
650 _aSpelling
650 _aTeaching English
082 _a420.7
_bSh44t
518 _a20040630
530 _aM
100 _aShemesh, Ruth
100 _aWaller, Sheila
245 _aTeaching English spelling
260 _aNew York
_bCambridge University Press, USA
260 _c2000
300 _avii,296p.
041 _aEng
942 _cGEN
999 _c31895
_d31895